[Event "AUS-ch Major"]
[Site "Sydney"]
[Date "2020.01.12"]
[Round "10"]
[White "Zhao Chen, Winston"]
[Black "Ge, Eva"]
[Result "1-0"]
[WhiteElo "1523"]
[BlackElo "1783"]
[PlyCount "83"]
[EventDate "2020.01.02"]
[EventType "swiss"]
[EventRounds "11"]
[EventCountry "AUS"]
[SourceTitle "EXT 2021"]
[Source "ChessBase"]
[SourceDate "2020.10.23"]
[SourceVersion "1"]
[SourceVersionDate "2020.10.23"]
[SourceQuality "1"]

1. e4 c5 2. Nf3 e6 3. b3 d5 4. exd5 exd5 5. Bb2 Nf6 6. d4 Nc6 7. Be2 Bd6 8. 0-0 0-0 9. Nc3 a6 10. Na4 cxd4 11. Nxd4 Bd7 12. Bf3 Re8 13. Nxc6 Bxc6 14. Nc3 d4 15. Nb1 Bxf3 16. Qxf3 Rc8 17. Qd3 Ng4 18. h3 Qh4 19. Nd2 Bh2+ 20. Kh1 Nxf2+ 21. Rxf2 Qxf2 22. Bxd4 Qg3 23. Nf3 h6 24. Nxh2 Qxd3 25. cxd3 Rc2 26. Nf3 Ree2 27. Ne1 Rcd2 28. a4 Rxe1+ 29. Rxe1 Rxd3 30. Bb6 Rxb3 31. a5 Kf8 32. Rc1 Ke7 33. Rc7+ Ke6 34. Rxb7 g6 35. Ra7 f6 36. Rxa6 Kf5 37. Bd8 Kf4 38. Rxf6+ Kg3 39. Rf3+ Rxf3 40. gxf3 Kxf3 41. Kh2 Ke4 42. a6 1-0

[Event "AUS-ch U10"]
[Site "Wahroonga"]
[Date "2014.01.11"]
[Round "3"]
[White "Zhao Chen, Winston"]
[Black "Fraser, Boaz"]
[Result "0-1"]
[WhiteElo "352"]
[BlackElo "499"]
[PlyCount "62"]
[EventDate "2014.01.11"]
[EventType "swiss"]
[EventRounds "9"]
[EventCountry "AUS"]
[SourceTitle "EXT 2020"]
[Source "ChessBase"]
[SourceDate "2019.10.17"]
[SourceVersion "1"]
[SourceVersionDate "2019.10.17"]
[SourceQuality "1"]

1. e4 e5 2. Nf3 Nc6 3. Bc4 Nf6 4. d3 Bc5 5. Nc3 d5 6. exd5 Nd4 7. Nxe5 Qe7 8. Bf4 Ng4 9. f3 Nxe5 10. Qe2 Nxe2 11. Nxe2 Nxc4 12. dxc4 0-0 13. g4 Bd4 14. c3 Be3 15. Bg3 Bb6 16. h4 c6 17. h5 h6 18. Rh4 g5 19. Rh2 Qe8 20. f4 Bc5 21. 0-0-0 Bd7 22. Rdh1 Qe3+ 23. Kb1 Bf5+ 24. Ka1 cxd5 25. cxd5 a5 26. Rd1 Bc2 27. Bf2 Qxe2 28. Rg1 Bxf2 29. Rxf2 Qxf2 30. Rc1 Rfe8 31. a3 Bb3 0-1